00744nam a2200205 i 450000100060000000300090000600500170001500700030003200800410003510000380007624500330011426000850014730000330023249000300026560000360029583000380033185200310036999900170040095201210041727798ES-MaACL20251015063047.0t|030115s1950 fr ||||1| fre d1 aBabelon, Jean, d1889-197892441310aTitien / cpar Jean Babelon. aParís : bEditions d'Histoire et d'Art, c[1950] (eMacon : fProtat Frères) a246 p., 17 lám. ; c21 cm.1 aLes maitres de l'histoire04aTiziano,dca. 1488-157691103570 aLes maitres de l'histoire9229230 aES-MaACLjD-5466 bR.30791 c27798d27798 00104070aATENEOMbATENEOMcSVId2008-01-17eSCl0oD-5466p901028704r2023-02-23 00:00:00w2023-02-23yMONOGRAFIA